Bastardi /

Hlavní autor: Štětina, Jaromír, 1943-2025
Jazyk: Čeština
Vydáno: Praha : NLN, Nakladatelství Lidové noviny, 2006
Vydání: Vyd. 1.
Témata:
Externí odkaz: Digitalizovaný dokument
Fyzický popis: 250 s. ; 21 cm
Knihy
Uloženo v:
LEADER 01100nam a2200325 a 4500
001 nkc20061693718
003 CZ PrNK
005 20070209132327.0
007 ta
008 061019s2006 xr g 000 f cze
015 |a cnb001693718 
020 |a 80-7106-851-9  |q (váz.) :  |c Kč 229,00 
035 |a (OCoLC)85721326 
040 |a OLA001  |b cze 
072 7 |a 821.162.3-3  |x Česká próza  |2 Konspekt  |9 25 
080 |a 821.162.3-31  |2 MRF 
080 |a (0:82-31)  |2 MRF 
100 1 |a Štětina, Jaromír,  |d 1943-2025  |7 jk01131387  |4 aut 
245 1 0 |a Bastardi /  |c Jaromír Štětina 
250 |a Vyd. 1. 
260 |a Praha :  |b NLN, Nakladatelství Lidové noviny,  |c 2006 
300 |a 250 s. ;  |c 21 cm 
655 7 |a české romány  |7 fd133974  |2 czenas 
655 9 |a Czech fiction  |2 eczenas 
856 4 1 |u http://www.digitalniknihovna.cz/mzk/uuid/uuid:60ce0640-bd34-11e2-8b87-005056827e51  |y Digitalizovaný dokument  |x NDK 
910 2 |a BOA001  |b 2-1176.474 
990 |a BK 
995 |a 01 
991 |b 200611 
996 6 |b 2610293554  |c 2-1176.474  |l MZK  |r Sklad / do 1 hodiny  |n 4  |p p.v.  |w 000831393  |u 000010  |a 1  |e BOA001  |j MZK50  |s P